Confirmation hearings on federal appointments : hearing before the Committee on the Judiciary, United States Senate, One Hundred Tenth Congress, first session.

Bibliographic Details
Corporate Author: United States. Congress. Senate. Committee on the Judiciary
Format: Government Document Book
Language:English
Published: Washington : U.S. G.P.O. : 2007-
Series:S. hrg. ; 110-138
Subjects:
Online Access:Pt. 1:
Pt. 2:
Pt. 3:
Pt. 4:

MARC

Tag First Indicator Second Indicator Subfields
LEADER 00000cam a2200000 a 4500
001 in00002369713
005 20211005131216.0
008 071011m20079999dcu f000 0 eng d
010 |a  2007473208 
020 |a 9780160795534 (pt. 1) 
020 |a 0160795532 (pt. 1) 
035 |a (OCoLC)ocn174040978 
037 |a 552-070-35426-5 (pt. 1)  |b GPO 
040 |a SEN  |c SEN  |d DLC  |d GPO  |d MvI  |d UtOrBLW 
042 |a lccopycat 
043 |a n-us--- 
049 |a UDOC  |a WWW 
050 0 0 |a KF26  |b .J8 2007s 
074 |a 1042-A 
074 |a 1042-A (online) 
074 |a 1042-B (MF) 
074 |a 1042-B (online) 
086 0 |a Y 4.J 89/2:S.HRG.110-138/PT.1- 
088 |a Serial no. J-110-8 (United States. Congress. Senate. Committee on the Judiciary) 
110 1 |a United States.  |b Congress.  |b Senate.  |b Committee on the Judiciary. 
245 1 0 |a Confirmation hearings on federal appointments :  |b hearing before the Committee on the Judiciary, United States Senate, One Hundred Tenth Congress, first session. 
264 1 |a Washington :  |b U.S. G.P.O. :  |c 2007- 
264 2 |a Washington :  |b For sale by the Supt. of Docs., U.S. G.P.O., 
300 |a volumes <1> ;  |c 24 cm. 
336 |a text  |b txt  |2 rdacontent 
337 |a unmediated  |b n  |2 rdamedia 
338 |a volume  |b nc  |2 rdacarrier 
490 1 |a S. hrg. ;  |v 110-138 
500 |a Distributed to some depository libraries in microfiche. 
500 |a Shipping list number: 2008-0016-P (pt. 1). 
500 |a "February 6, March 13, April 11, June 20, and July 19, 2007"--Pt. 1. 
500 |a "Serial number J-110-8." 
530 |a Also available via Internet from the GPO Access web site. Address as of 10/11/07: http://frwebgate.access.gpo.gov/cgi-bin/getdoc.cgi?dbname=110s̲enateh̲earings&docid=f:37658.pdf (pt. 1). 
610 1 0 |a United States.  |b Department of Justice  |x Officials and employees  |x Selection and appointment. 
650 0 |a Judges  |x Selection and appointment  |z United States. 
810 1 |a United States.  |b Congress.  |b Senate.  |t S. hrg. ;  |v 110-138. 
856 4 1 |3 Pt. 1:  |u https://purl.fdlp.gov/GPO/LPS87314  |t 0 
856 4 1 |3 Pt. 2:  |u https://purl.fdlp.gov/GPO/LPS112345  |t 0 
856 4 1 |3 Pt. 3:  |u https://purl.fdlp.gov/GPO/LPS112892  |t 0 
856 4 1 |3 Pt. 4:  |u https://purl.fdlp.gov/GPO/LPS114754  |t 0 
999 |a MARS 
999 f f |s ac1b2234-ef54-33d7-b2ef-2dc307550d7b  |i 74423387-508d-3756-9a9f-b571880be074  |t 0 
952 f f |a Texas A&M University  |b College Station  |c Electronic Resources  |d Available Online  |t 0  |e Y 4.J 89/2:S.HRG.110-138/PT.1-  |h Superintendent of Documents classification 
998 f f |a Y 4.J 89/2:S.HRG.110-138/PT.1-  |t 0  |l Available Online